|
|
|
|
| LEADER |
02877nam a2200781 4500 |
| 001 |
ocn851572870 |
| 003 |
OCoLC |
| 005 |
20170124071844.8 |
| 006 |
m o d |
| 007 |
cr ||||||||||| |
| 008 |
130701s2013 enk ob 001 0 eng |
| 010 |
|
|
|a 2013026645
|
| 040 |
|
|
|a DLC
|b eng
|e rda
|e pn
|c DLC
|d N$T
|d DG1
|d CUS
|d UKMGB
|d YDXCP
|d OCLCF
|d CQ$
|d AU@
|d OCLCQ
|d UV0
|d S3O
|d DEBBG
|d GrThAP
|
| 016 |
7 |
|
|a 016515562
|2 Uk
|
| 019 |
|
|
|a 862997130
|
| 020 |
|
|
|a 9781118412862
|q (Adobe PDF)
|
| 020 |
|
|
|a 1118412869
|q (Adobe PDF)
|
| 020 |
|
|
|a 9781118412879
|q (ePub)
|
| 020 |
|
|
|a 1118412877
|q (ePub)
|
| 020 |
|
|
|a 9781118412893
|
| 020 |
|
|
|a 1118412893
|
| 020 |
|
|
|z 9781118412848
|q (cloth)
|
| 029 |
1 |
|
|a AU@
|b 000051686198
|
| 029 |
1 |
|
|a CHBIS
|b 010131734
|
| 029 |
1 |
|
|a CHVBK
|b 314703128
|
| 029 |
1 |
|
|a NZ1
|b 15341557
|
| 029 |
1 |
|
|a NZ1
|b 15905492
|
| 029 |
1 |
|
|a DEBBG
|b BV043396059
|
| 035 |
|
|
|a (OCoLC)851572870
|z (OCoLC)862997130
|
| 042 |
|
|
|a pcc
|
| 050 |
0 |
0 |
|a RS160
|
| 072 |
|
7 |
|a MED
|x 071000
|2 bisacsh
|
| 082 |
0 |
0 |
|a 615.3/21
|2 23
|
| 049 |
|
|
|a MAIN
|
| 100 |
1 |
|
|a Hernandez-Ledesma, Blanca.
|
| 245 |
1 |
0 |
|a Bioactive compounds from marine foods :
|b plant and animal sources /
|c Blanca Hernandez-Ledesma and Miguel Herrero.
|
| 264 |
|
1 |
|a Chichester, West Sussex :
|b John Wiley & Sons Inc.,
|c 2013.
|
| 300 |
|
|
|a 1 online resource.
|
| 336 |
|
|
|a text
|b txt
|2 rdacontent
|
| 337 |
|
|
|a computer
|b c
|2 rdamedia
|
| 338 |
|
|
|a online resource
|b cr
|2 rdacarrier
|
| 490 |
1 |
|
|a IFT Press series
|
| 504 |
|
|
|a Includes bibliographical references and index.
|
| 588 |
0 |
|
|a Print version record and CIP data provided by publisher.
|
| 505 |
0 |
|
|a Machi
|
| 650 |
|
0 |
|a Pharmacognosy.
|
| 650 |
|
0 |
|a Marine pharmacology.
|
| 650 |
|
0 |
|a Materia medica, Vegetable.
|
| 650 |
|
0 |
|a Natural products
|x Therapeutic use.
|
| 650 |
|
0 |
|a Bioactive compounds.
|
| 650 |
|
2 |
|a Pharmacognosy.
|
| 650 |
|
2 |
|a Marine Biology.
|
| 650 |
|
2 |
|a Materia Medica
|x pharmacology.
|
| 650 |
|
2 |
|a Biological Agents
|x therapeutic use.
|
| 650 |
|
2 |
|a Biological Factors
|x therapeutic use.
|
| 650 |
|
7 |
|a MEDICAL
|x Pharmacology.
|2 bisacsh
|
| 650 |
|
7 |
|a Bioactive compounds.
|2 fast
|0 (OCoLC)fst00831933
|
| 650 |
|
7 |
|a Marine pharmacology.
|2 fast
|0 (OCoLC)fst01009800
|
| 650 |
|
7 |
|a Materia medica, Vegetable.
|2 fast
|0 (OCoLC)fst01011725
|
| 650 |
|
7 |
|a Natural products
|x Therapeutic use.
|2 fast
|0 (OCoLC)fst01034400
|
| 650 |
|
7 |
|a Pharmacognosy.
|2 fast
|0 (OCoLC)fst01060246
|
| 650 |
|
7 |
|a Farmakognosi.
|2 sao
|
| 655 |
|
4 |
|a Electronic books.
|
| 700 |
1 |
|
|a Herrero, Miguel.
|
| 776 |
0 |
8 |
|i Print version:
|a Hernández-Ledesma, Blanca.
|t Bioactive compounds from marine foods.
|d Chichester, West Sussex : IFT Press, Wiley Blackwell, 2014
|z 9781118412848
|w (DLC) 2013023510
|w (OCoLC)851572799
|
| 830 |
|
0 |
|a IFT Press series.
|
| 856 |
4 |
0 |
|u https://doi.org/10.1002/9781118412893
|z Full Text via HEAL-Link
|
| 994 |
|
|
|a 92
|b DG1
|